000 00833nam a2200265Ia 4500
003 OSt
005 20220930080943.0
006 a|||||r|||| 00| 0
007 ta
008 220926b |||||||| |||| 00| 0 eng d
024 _a100456
037 _cTheses
040 _aCRL
_cCRL
_beng
041 _2eng
_aeng
100 _aPham Phuoc Mao
_9540291
110 _aUniversity of Delhi. Faculty of Arts. Department of Buddhist Studies
245 0 _aCritical study of the concept of donation (Dana) as reflected in the tipitaka
260 _c2009
300 _a307
_ap.
_ccm.
650 _aBUDDHISM
700 _a Dr. Indra Narain Singh Gu.
_9540292
700 _aUniversity of Delhi. Faculty of Arts. Department of Buddhist Studies
942 _cDIS
_2CC
999 _c870709
_d870709